<?xml version="1.0" encoding="UTF-8"?>
<record
    xmlns:xsi="http://www.w3.org/2001/XMLSchema-instance"
    xsi:schemaLocation="http://www.loc.gov/MARC21/slim http://www.loc.gov/standards/marcxml/schema/MARC21slim.xsd"
    xmlns="http://www.loc.gov/MARC21/slim">

  <leader>00784nam a2200205 a 4500</leader>
  <controlfield tag="001">1379</controlfield>
  <controlfield tag="003">CDMR</controlfield>
  <controlfield tag="005">20151016131201.0</controlfield>
  <controlfield tag="008">130130s2011||||sp |||||||||||||||||cat|d</controlfield>
  <datafield tag="040" ind1=" " ind2=" ">
    <subfield code="a">CDMR</subfield>
    <subfield code="b">cat</subfield>
    <subfield code="c">CPC LLEIDA</subfield>
  </datafield>
  <datafield tag="100" ind1="1" ind2=" ">
    <subfield code="9">3231</subfield>
    <subfield code="a">L&#xE9;onard, Jaques</subfield>
    <subfield code="d">1909-1995</subfield>
  </datafield>
  <datafield tag="245" ind1="1" ind2="0">
    <subfield code="a">Jaques L&#xE9;onard</subfield>
    <subfield code="b">: Barcelona gitana, 1954-1974</subfield>
    <subfield code="c">textos Jordi Calafell, Jes&#xFA;s Ulled</subfield>
  </datafield>
  <datafield tag="260" ind1=" " ind2=" ">
    <subfield code="a">Madrid</subfield>
    <subfield code="b">La F&#xE1;brica</subfield>
  </datafield>
  <datafield tag="260" ind1=" " ind2=" ">
    <subfield code="a">Barcelona</subfield>
    <subfield code="b">Institut de Cultura de Barcelona</subfield>
    <subfield code="c">2011</subfield>
  </datafield>
  <datafield tag="500" ind1=" " ind2=" ">
    <subfield code="a">Cat&#xE0;leg de l'exposici&#xF3; celebrada entre juny 2011 i gener 2012</subfield>
  </datafield>
  <datafield tag="600" ind1="1" ind2=" ">
    <subfield code="9">3231</subfield>
    <subfield code="a">L&#xE9;onard, Jaques</subfield>
    <subfield code="d">1909-1995</subfield>
    <subfield code="v">Col&#xB7;leccions de fotografies</subfield>
  </datafield>
  <datafield tag="650" ind1="0" ind2="4">
    <subfield code="9">3095</subfield>
    <subfield code="a">Fotografia documental</subfield>
  </datafield>
  <datafield tag="710" ind1=" " ind2=" ">
    <subfield code="9">3217</subfield>
    <subfield code="a">Arxiu Hist&#xF2;ric de la Ciutat (Barcelona, Catalunya)</subfield>
    <subfield code="b">-- Arxiu Fotogr&#xE0;fic</subfield>
  </datafield>
  <datafield tag="942" ind1=" " ind2=" ">
    <subfield code="c">MON</subfield>
    <subfield code="2">udc</subfield>
  </datafield>
  <datafield tag="999" ind1=" " ind2=" ">
    <subfield code="c">1379</subfield>
    <subfield code="d">1379</subfield>
  </datafield>
  <datafield tag="952" ind1=" " ind2=" ">
    <subfield code="0">0</subfield>
    <subfield code="1">0</subfield>
    <subfield code="4">0</subfield>
    <subfield code="7">0</subfield>
    <subfield code="a">CDMR</subfield>
    <subfield code="b">CDMR</subfield>
    <subfield code="d">2013-01-16</subfield>
    <subfield code="l">0</subfield>
    <subfield code="p">CDMR13046235</subfield>
    <subfield code="r">2013-04-22</subfield>
    <subfield code="w">2013-04-22</subfield>
    <subfield code="y">MON</subfield>
  </datafield>
</record>
